000 00670nam a2200229Ia 4500
003 OSt
005 20240829152951.0
008 220927b |||||||| |||| 00| 0 eng d
020 _cINR 450
037 _b160, 11/11/2010, Pioneer Book Distributors
_cTextual
040 _aSDCL
_cSDCL
_beng
041 _2eng
_aeng
082 _aD65,421 P6
100 _aRoddy, Dennis
245 0 _asatellite communications.
250 _a4th
260 _aNew Delhi
_bTata McGraw-Hill
_c2006
300 _axii,652p.
650 _aI I C
942 _hD65,421 P6
_cTEXL
_2CC
999 _c765644
_d765644